000 01291cam a22003374a 4500
001 14324131
003 OSt
005 20140310182741.0
008 060331s2007 maua b 001 0 eng
010 _a 2006010876
020 _a9780071087940
035 _a(OCoLC)ocm65978524
040 _aDLC
_cDLC
_dC#P
_dYDXCP
_dNLGGC
_dBAKER
_dOCLCQ
_dBTCTA
_dUBY
_dCVM
_dNTUTL
_dDLC
042 _apcc
050 0 0 _aTS 155
_b.St7824 2010
100 1 _aStevenson, William J.
245 1 0 _aOperations management /
_cWilliam J. Stevenson.
250 _a9th ed.
260 _aBoston :
_bMcMcGraw-Hill Irwin,
_c2010.
300 _axvi, 903 p. :
_bill. ;
_c29 cm.
440 4 _aThe McGraw-Hill/Irwin series operations and decision sciences
521 _aBSBA
650 0 _aProduction management.
856 4 1 _3Table of contents
_uhttp://www.loc.gov/catdir/toc/ecip0611/2006010876.html
906 _a7
_bcbc
_corignew
_d1
_eecip
_f20
_gy-gencatlg
942 _2lcc
_cBK
_kFOR
999 _c15555
_d15555